00495 2200193 4500001002100000005001500021035002000036007000300056008004100059020002200100082001000122084001600132100001400148245002900162250001100191260004800202300004100250650001000291INLIS00000000000133520211006093538 a0010-1021000107ta211006 d 0 ind  a978-623-92083-2-5 a741.5 a741.5 PID k0 aPidi Baiq1 aKomik Dilan /cPidi Baiq aCet. 1 aBandung :bThe Panasdalam Publishing,c2020 a280 hlm. :bilus. ;c14 cm x 20,5 cm akomik